Państwa i ich stolice poziom mega łatwy - Statystyki

Ogólne statystyki
  • Ten quiz został rozwiązany 29 razy
  • Średni wynik to 10 z 10
Statystyki odpowiedzi
Hint Odpowiedź % Poprawnych
Niemcy Berlin
100%
Ukraina Kijów
100%
Hiszpania Madryt
100%
Rosja Moskwa
100%
Francja Paryż
100%
Polska Warszawa
100%
Czechy Praga
96%
Wielka Brytania Londyn
92%
Austria Wiedeń
92%
Portugalia Lizbona
85%
Nie znaleziono quizów pasujących do podanych kryteriów
Rozkład punktacji
Procent ludzi z każdym wynikiem
Percentyl według liczby udzielonych odpowiedzi
Twoja historia wyników
Nie rozwiązałeś tego quizu